Online Catalogue and eLibrary

A field of one's own : (Record no. 551)

MARC details
000 -LEADER
fixed length control field 00851pam a2200265 a 4500
001 - CONTROL NUMBER
control field 2524922
005 - DATE AND TIME OF LATEST TRANSACTION
control field 20240306233923.0
008 - FIXED-LENGTH DATA ELEMENTS--GENERAL INFORMATION
fixed length control field 930923s1994 enkb b 001 0 eng
020 ## - INTERNATIONAL STANDARD BOOK NUMBER
ISBN 0521418682 (hardback)
020 ## - INTERNATIONAL STANDARD BOOK NUMBER
ISBN 0521429269 (paperback)
040 ## - CATALOGING SOURCE (பட்டியலாக்க மூலம்)
Original cataloging agency DLC
Transcribing agency DLC
Modifying agency DLC
082 00 - DDC Classification
Class No. 323.4
DDC Edition Number 20
Item Number - Author Mark BIN.
100 1# - MAIN ENTRY--PERSONAL NAME
Personal name Agarwal, Bina.
245 12 - TITLE STATEMENT
Title A field of one's own :
Remainder of title gender and land rights in South Asia /
Statement of responsibility, etc. Bina Agarwal.
260 ## - PUBLICATION, DISTRIBUTION, ETC.
Place of publication, distribution, etc. Cambridge [England] ;
-- New York, NY, USA :
Name of publisher, distributor, etc. Cambridge University Press,
Date of publication, distribution, etc. 1994.
300 ## - PHYSICAL DESCRIPTION
Extent (e.g. Volumes, Pages etc.) xxi, 572 p. :
650 #0 - SUBJECT ADDED ENTRY--TOPICAL TERM
Topical term or geographic name entry element Land tenure
650 #0 - SUBJECT ADDED ENTRY--TOPICAL TERM
Topical term or geographic name entry element Land reform
650 #0 - SUBJECT ADDED ENTRY--TOPICAL TERM
Topical term or geographic name entry element Right of property
650 #0 - SUBJECT ADDED ENTRY--TOPICAL TERM
Topical term or geographic name entry element Women's rights
650 #0 - SUBJECT ADDED ENTRY--TOPICAL TERM
Topical term or geographic name entry element Rural women
856 42 - ELECTRONIC LOCATION AND ACCESS
Uniform Resource Identifier <a href="http://www.loc.gov/catdir/description/cam026/93037621.html">http://www.loc.gov/catdir/description/cam026/93037621.html</a>
856 41 - ELECTRONIC LOCATION AND ACCESS
Uniform Resource Identifier <a href="http://www.loc.gov/catdir/toc/cam022/93037621.html">http://www.loc.gov/catdir/toc/cam022/93037621.html</a>
942 ## - Koha item type (Biblio)
Koha item type Books in Stacks (Lending)
Holdings
Lost status Damaged status Collection code Home library Current library Date acquired Full call number Accession Number Item type
    Lending WERC Library WERC Library 03/07/2024 323.4 BIN. 6949 Books in Stacks (Lending)

© WERC Library